[Event "Konnerud Tempo høstturnering 2022"]
[Site "Malmveien 15"]
[Date "2022.08.17"]
[Round "7"]
[White "Heibo, Amalie Linnea"]
[Black "Løvaas, Roger"]
[Result "1/2-1/2"]
[WhiteElo "1285"]
[BlackElo "1470"]
[PlyCount "47"]
[EventDate "2022.??.??"]

1. d4 e6 2. c4 Nf6 3. Nc3 d5 4. Nf3 c5 5. Bg5 Be7 6. e3 Nc6 7. cxd5 Nxd5 8.
Nxd5 Qxd5 9. Bxe7 Kxe7 10. dxc5 Qxc5 11. Be2 Qb4+ 12. Qd2 Qxd2+ 13. Nxd2 Rd8
14. Nf3 b6 15. Bb5 Nb4 16. Ke2 Ba6 17. Bxa6 Nxa6 18. Nd4 Rac8 19. Rac1 Rxc1 20.
Rxc1 Rd7 21. Nc6+ Ke8 22. Ne5 Rc7 23. Rxc7 Nxc7 24. Nc6
1/2-1/2

[Event "Konnerud Tempo høstturnering 2022"]
[Site "Malmveien 15"]
[Date "2022.08.17"]
[Round "7"]
[White "Transeth, Geir"]
[Black "Andersson, Øivind"]
[Result "1-0"]
[WhiteElo "1330"]
[BlackElo "1473"]
[PlyCount "75"]
[EventDate "2022.??.??"]

1. e4 c5 2. Nf3 Nc6 3. Be2 e6 4. c3 Nge7 5. d4 cxd4 6. cxd4 d5 7. e5 h6 8. Be3
Nf5 9. Nc3 a6 10. a3 Be7 11. Bf4 Qb6 12. Na4 Qa7 13. g4 g5 14. gxf5 gxf4 15. f6
Bf8 16. Qd2 b5 17. Nc3 b4 18. axb4 Nxb4 19. Na4 Qb8 20. Nc5 Bxc5 21. dxc5 Bd7
22. Kf1 Bb5 23. Nd4 Bxe2+ 24. Kxe2 Qxe5+ 25. Kd1 Rb8 26. Ra4 Qe4 27. Rxb4 Qxh1+
28. Ke2 Qe4+ 29. Kd1 O-O 30. Nc2 Qf3+ 31. Kc1 Rxb4 32. Nxb4 Qh1+ 33. Kc2 Qe4+
34. Kd1 a5 35. Nc2 Ra8 36. c6 Qc4 37. f3 e5 38. Qg2+
1-0

[Event "Konnerud Tempo høstturnering 2022"]
[Site "Malmveien 15"]
[Date "2022.08.17"]
[Round "8"]
[White "Fagervik, Geir"]
[Black "Heibo, Amalie Linnea"]
[Result "0-1"]
[WhiteElo "1451"]
[BlackElo "1285"]
[PlyCount "88"]
[EventDate "2022.??.??"]

1. f4 d5 2. Nf3 c5 3. e3 Nc6 4. Be2 Bg4 5. O-O e6 6. b3 Be7 7. Bb2 Bf6 8. c3
Bf5 9. Na3 a6 10. Nc2 Bxc2 11. Qxc2 d4 12. Rad1 Qb6 13. Rfe1 Rd8 14. Qe4 dxc3
15. Bxc3 Bxc3 16. dxc3 Nf6 17. Rxd8+ Qxd8 18. Qc2 O-O 19. Ra1 Qc7 20. h3 h6 21.
Bd3 Nd5 22. Kf2 Qa5 23. Rc1 Qb6 24. Be4 Nce7 25. Ne5 Qc7 26. Bh7+ Kh8 27. Be4
b5 28. Qe2 Qa5 29. Bxd5 Nxd5 30. Qd2 Kg8 31. e4 Nf6 32. Qe2 Qc7 33. Rd1 Qb7 34.
Kf3 Qc7 35. Qd3 Qa5 36. Qd2 c4 37. bxc4 bxc4 38. Nxc4 Qh5+ 39. Ke3 Qg6 40. Nd6
Qg3+ 41. Kd4 Rd8 42. e5 Nd5 43. Rf1 f6 44. Qe3 Qxe3+
0-1

[Event "Konnerud Tempo høstturnering 2022"]
[Site "Malmveien 15"]
[Date "2022.08.17"]
[Round "8"]
[White "Aure, Håvard"]
[Black "Hagen, Bjørn Stian"]
[Result "1-0"]
[WhiteElo "1376"]
[BlackElo "1311"]
[PlyCount "103"]
[EventDate "2022.??.??"]

1. c4 e5 2. Nc3 Nf6 3. g3 d5 4. Bg2 d4 5. Ne4 Nc6 6. d3 Bf5 7. Bg5 Bb4+ 8. Bd2
Bxd2+ 9. Qxd2 Nxe4 10. dxe4 Be6 11. b3 Qe7 12. a3 O-O-O 13. Qc2 Rd7 14. Nf3
Rhd8 15. Qd3 f6 16. O-O Qf7 17. b4 Bxc4 18. Qd2 d3 19. Bh3 dxe2 20. Rfe1 Be6
21. Bxe6 Qxe6 22. Qxe2 Nd4 23. Nxd4 Rxd4 24. Qe3 b6 25. Kg2 Rd3 26. Qe2 Rd2 27.
Qa6+ Kb8 28. Rac1 Qa2 29. Rf1 Rxf2+ 30. Rxf2 Rd2 31. Rcf1 f5 32. Rxd2 Qxd2+ 33.
Rf2 Qd4 34. Qe2 fxe4 35. Rf8+ Kb7 36. Rf1 e3 37. Rd1 Qe4+ 38. Qf3 Qc6 39. Qxc6+
Kxc6 40. Kf3 Kb5 41. Kxe3 Ka4 42. Rd3 c5 43. bxc5 bxc5 44. Ke4 a5 45. Kxe5 Kb5
46. Kd5 c4 47. Rc3 Ka4 48. Kxc4 h5 49. Re3 g5 50. Re5 g4 51. Rxh5 Kxa3 52.
Rxa5+
1-0

[Event "Konnerud Tempo høstturnering 2022"]
[Site "Malmveien 15"]
[Date "2022.08.17"]
[Round "8"]
[White "Høisveen, Tore"]
[Black "Berg, Gunnstein"]
[Result "1-0"]
[WhiteElo "1441"]
[BlackElo "1606"]
[PlyCount "57"]
[EventDate "2022.??.??"]

1. e4 b6 2. Bc4 Bb7 3. d3 e6 4. Nc3 d6 5. Nf3 Be7 6. Bd2 Nf6 7. h3 O-O 8. Nh2
d5 9. exd5 exd5 10. Bb3 d4 11. Ne2 Bxg2 12. Rg1 Bxh3 13. Bh6 Nh5 14. Nxd4 Qxd4
15. Qxh5 Bf6 16. Qxh3 Qxb2 17. Rd1 Na6 18. Bc1 Rae8+ 19. Kf1 Qe5 20. Ng4 Qe2+
21. Kg2 Qe7 22. Rge1 Qd8 23. Rxe8 Rxe8 24. Rh1 Qa8+ 25. Kf1 Bc3 26. Qxh7+ Kf8
27. Ne3 Qf3 28. Rh3 Qf6 29. Qh8+
1-0

[Event "Konnerud Tempo høstturnering 2022"]
[Site "Malmveien 15"]
[Date "2022.08.17"]
[Round "9"]
[White "Transeth, Geir"]
[Black "Fagervik, Geir"]
[Result "1-0"]
[WhiteElo "1330"]
[BlackElo "1451"]
[PlyCount "115"]
[EventDate "2022.??.??"]

1. e4 Nf6 2. d3 d6 3. Nf3 Bg4 4. Be2 e5 5. Nc3 h6 6. h3 Bh5 7. Nh4 Bxe2 8. Qxe2 Nc6 9. Be3 Nxe4 10. Nxe4 Qxh4 11. g3 Qd8 12. O-O-O Be7 13. f4 d5 14. Nd2 d4 15. Bf2 exf4 16. gxf4 Qd7 17. Nb3 O-O-O 18. Qg4 Qxg4 19. hxg4 Bd6 20. f5 Bf4+ 21. Kb1 Rhe8 22. Bh4 f6 23. Nc5 Re7 24. Ne6 Rxe6 25. fxe6 Re8 26. Rde1 Be5 27. Rhg1 Rxe6 28. Bg3 Kd7 29. Bxe5 Rxe5 30. Rxe5 Nxe5 31. Kc1 Kd6 32. Kd1 c5 33. b3 b5 34. Rg3 b4 35. Ke2 Ke6 36. Rg1 Kf7 37. a3 a5 38. axb4 axb4 39. Ra1 Ke7 40. Ra7+ Nd7 41. Kf3 g6 42. Ke4 h5 43. gxh5 gxh5 44. Kf5 h4 45. Kg4 Ke6 46. Kxh4 f5 47. Kg5 Nb8 48. Rc7 Nd7 49. Kf4 Kd6 50. Rxd7+ Kxd7 51. Kxf5 Kd6 52. Kf6 Kd5 53. Ke7 Kc6 54. Ke6 Kb7 55. Kd5 Kb6 56. Kd6 Kb5 57. Kc7 c4 58. bxc4+
1-0

[Event "Konnerud Tempo høstturnering 2022"]
[Site "Malmveien 15"]
[Date "2022.08.17"]
[Round "9"]
[White "Heibo, Amalie Linnea"]
[Black "Nilsen, Helmer"]
[Result "1-0"]
[WhiteElo "1285"]
[BlackElo "1433"]
[PlyCount "139"]
[EventDate "2022.??.??"]

1. d4 d5 2. c4 e6 3. Nc3 c6 4. Bf4 Bd6 5. Bxd6 Qxd6 6. Nf3 Ne7 7. e3 b6 8. Qa4
O-O 9. cxd5 b5 10. Qc2 exd5 11. Bd3 g6 12. O-O Bg4 13. Ne5 Bf5 14. Rac1 Nd7 15.
Nxd7 Qxd7 16. Ne2 Rac8 17. Nf4 Bxd3 18. Nxd3 a5 19. Qc5 f6 20. Rc2 Ra8 21. a3
Rfb8 22. h3 Rb7 23. Qc3 Rb6 24. Nc5 Qd6 25. Nd3 b4 26. axb4 axb4 27. Qc5 Qxc5
28. Nxc5 Kf7 29. g4 f5 30. Nd7 Rba6 31. Ne5+ Ke6 32. Rfc1 Rc8 33. Nd3 Rb6 34.
Rc5 Kd6 35. Ra1 Rcb8 36. Rac1 Rb5 37. R5c2 Ra8 38. Ne5 Rc8 39. Nf7+ Kd7 40.
Ne5+ Kd6 41. Ra1 c5 42. Ra6+ Nc6 43. Nxc6 Rxc6 44. dxc5+ Rbxc5 45. Rxc5 Kxc5
46. Ra7 h6 47. Ra5+ Kc4 48. Kf1 fxg4 49. hxg4 h5 50. gxh5 gxh5 51. f4 h4 52.
Kg2 Kd3 53. Rxd5+ Ke4 54. Rd4+ Kxe3 55. Rxb4 Rc5 56. Kh3 Rf5 57. Kg4 Rf8 58.
Kg5 Rg8+ 59. Kxh4 Kf3 60. f5 Rh8+ 61. Kg5 Rg8+ 62. Kf6 Rf8+ 63. Ke6 Re8+ 64.
Kf7 Re5 65. f6 Rg5 66. Rb7 Kf4 67. Kf8 Kf5 68. f7 Kf6 69. Rb6+ Kf5 70. Rb5+
1-0

[Event "Konnerud Tempo høstturnering 2022"]
[Site "Malmveien 15"]
[Date "2022.08.17"]
[Round "9"]
[White "Selmer, Thorgrim Juhani"]
[Black "Aure, Håvard"]
[Result "1-0"]
[WhiteElo "1535"]
[BlackElo "1376"]
[PlyCount "89"]
[EventDate "2022.??.??"]

1. c4 c5 2. g3 g6 3. Nc3 Nc6 4. d3 Bg7 5. Bg2 e6 6. Nf3 Nge7 7. Bf4 O-O 8. Rb1
Qa5 9. Bd6 Re8 10. Qd2 Nf5 11. Bf4 Qd8 12. Nb5 e5 13. Bg5 f6 14. Be3 a6 15. Nc3
Nxe3 16. Qxe3 Nd4 17. O-O Rb8 18. Nd5 d6 19. b4 b5 20. bxc5 dxc5 21. Nxd4 cxd4
22. Qd2 Be6 23. Rfc1 Bxd5 24. Bxd5+ Kh8 25. Bc6 Re6 26. cxb5 axb5 27. Rxb5 Rxb5
28. Bxb5 Rb6 29. a4 h6 30. Qc2 Rb8 31. Qc7 Qxc7 32. Rxc7 Bf8 33. g4 Bd6 34. Rf7
Rf8 35. Rd7 Bb4 36. Kg2 f5 37. h3 fxg4 38. hxg4 Rf4 39. f3 Rf6 40. Rd8+ Kg7 41.
Re8 Bd6 42. a5 Rf8 43. Re6 Rb8 44. Bc4 Bb4 45. Rxe5
1-0

[Event "Konnerud Tempo høstturnering 2022"]
[Site "Malmveien 15"]
[Date "2022.08.17"]
[Round "9"]
[White "Andersson, Øivind"]
[Black "Løvaas, Roger"]
[Result "0-1"]
[WhiteElo "1473"]
[BlackElo "1470"]
[PlyCount "66"]
[EventDate "2022.??.??"]

1. e4 e5 2. Nf3 Nc6 3. c3 Nf6 4. Qc2 Bc5 5. b4 Be7 6. a4 d6 7. b5 Nb8 8. Bc4 b6
9. Ng5 O-O 10. Qb3 d5 11. Bxd5 Nxd5 12. Nxh7 Kxh7 13. exd5 g6 14. c4 Kg7 15.
Bb2 Bd6 16. Nc3 Qg5 17. g3 Bf5 18. Ne2 Nd7 19. h4 Qe7 20. h5 Rh8 21. Qf3 Nf6
22. Kf1 Be4 23. h6+ Rxh6 24. Rxh6 Bxf3 25. Rh4 Rh8 26. Ng1 Rxh4 27. gxh4 Be4
28. Nh3 Kg8 29. Ng5 Bd3+ 30. Kg1 Ne4 31. Nf3 Qf6 32. Kg2 Bxc4 33. Re1 Bxd5
0-1

[Event "Konnerud Tempo høstturnering 2022"]
[Site "Malmveien 15"]
[Date "2022.08.17"]
[Round "10"]
[White "Aure, Håvard"]
[Black "Heibo, Amalie Linnea"]
[Result "0-1"]
[WhiteElo "1376"]
[BlackElo "1285"]
[PlyCount "70"]
[EventDate "2022.??.??"]

1. e4 e6 2. d4 d5 3. e5 c5 4. Bb5+ Nc6 5. Bxc6+ bxc6 6. Nf3 Ba6 7. Bg5 Qb6 8.
b3 cxd4 9. Nxd4 Bb4+ 10. c3 Bc5 11. Be3 Ne7 12. b4 Bxd4 13. Bxd4 Qb5 14. a4 Qd3
15. Qxd3 Bxd3 16. Kd2 Bg6 17. f4 Be4 18. Rg1 Nf5 19. Bc5 Kd7 20. g4 Nh4 21. Ke3
Nf3 22. Rg3 Ne1 23. Ra2 Bxb1 24. Re2 Nc2+ 25. Kf2 Na3 26. Rg1 Be4 27. Rd1 Kc7
28. Ra1 Nc4 29. Rd1 a6 30. Rd4 Bg6 31. h4 h6 32. h5 Bh7 33. f5 exf5 34. gxf5
Bxf5 35. Rf4 Be6
0-1

[Event "Konnerud Tempo høstturnering 2022"]
[Site "Malmveien 15"]
[Date "2022.08.17"]
[Round "10"]
[White "Høisveen, Tore"]
[Black "Selmer, Thorgrim Juhani"]
[Result "0-1"]
[WhiteElo "1441"]
[BlackElo "1535"]
[PlyCount "70"]
[EventDate "2022.??.??"]

1. e4 c6 2. Nc3 d5 3. d3 Nf6 4. e5 Nfd7 5. d4 e6 6. Bd2 c5 7. Bb5 Nc6 8. Bxc6
bxc6 9. f4 cxd4 10. Nce2 c5 11. Nf3 Ba6 12. c3 d3 13. Ng3 Be7 14. O-O c4 15.
Qe1 h5 16. f5 h4 17. fxe6 fxe6 18. Nh1 Qb6+ 19. Nd4 Nc5 20. Rb1 Ne4 21. Nf2
Nxd2 22. Qxd2 Bc5 23. Qg5 Bxd4 24. cxd4 Qxd4 25. Qg6+ Kd7 26. Qf7+ Kc6 27.
Qxe6+ Kb5 28. a4+ Ka5 29. Qe7 Rab8 30. Kh1 Rb7 31. Qe6 Rf8 32. Nh3 Rxb2 33. Ng5
d2 34. Nf3 Rxf3 35. gxf3 Rxb1
0-1

[Event "Konnerud Tempo høstturnering 2022"]
[Site "Malmveien 15"]
[Date "2022.08.17"]
[Round "10"]
[White "Berg, Gunnstein"]
[Black "Hagen, Bjørn Stian"]
[Result "1-0"]
[WhiteElo "1606"]
[BlackElo "1311"]
[PlyCount "54"]
[EventDate "2022.??.??"]

1. d4 Nf6 2. Nf3 e6 3. Bf4 d5 4. e3 Bd6 5. Ne5 Nbd7 6. Nd2 c5 7. Nxf7 Kxf7 8.
Bxd6 cxd4 9. exd4 Qb6 10. Ba3 Qxd4 11. c3 Qe5+ 12. Be2 b6 13. O-O a5 14. Re1
Qb8 15. Bb5 Nc5 16. Nf3 Ba6 17. Bxa6 Rxa6 18. Ng5+ Kg6 19. Nxe6 Nce4 20. f3 b5
21. fxe4 Rxe6 22. Bc5 Rhe8 23. Bd4 Rxe4 24. Rxe4 Rxe4 25. Bxf6 Qb6+ 26. Kh1
Qxf6 27. Qxd5 Qf2
1-0

[Event "Konnerud Tempo høstturnering 2022"]
[Site "Malmveien 15"]
[Date "2022.08.17"]
[Round "11"]
[White "Andersson, Øivind"]
[Black "Nilsen, Helmer"]
[Result "1/2-1/2"]
[WhiteElo "1473"]
[BlackElo "1433"]
[PlyCount "99"]
[EventDate "2022.??.??"]

1. e4 c5 2. Nf3 Nc6 3. b3 e5 4. Bb2 d6 5. Nc3 Nf6 6. h3 Be6 7. Ng5 Bd7 8. a3 g6
9. Bc4 d5 10. exd5 Na5 11. Nge4 Nxc4 12. bxc4 b6 13. Qf3 Bf5 14. d3 Bg7 15. Nb5
Nxe4 16. dxe4 Bc8 17. Qg3 f6 18. f4 a6 19. Nc3 exf4 20. Qxf4 O-O 21. O-O Re8
22. Rab1 f5 23. Kh1 Bxc3 24. Bxc3 Rxe4 25. Qh6 Ra7 26. Rf4 Re3 27. Bb2 Qd6 28.
Rxf5 Qe7 29. Rf8+ Qxf8 30. Qxe3 Re7 31. Qc3 Bf5 32. Qh8+ Kf7 33. Qxf8+ Kxf8 34.
Rf1 Ke8 35. Rf2 Re1+ 36. Kh2 Ke7 37. Rd2 Kd6 38. Bg7 Re4 39. Bf8+ Kd7 40. d6
Rxc4 41. g4 Rxc2 42. Rxc2 Bxc2 43. Kg3 b5 44. Kf4 a5 45. Ke5 b4 46. Kd5 bxa3
47. Kxc5 a4 48. h4 a2 49. Bg7 Bb3 50. Ba1
1/2-1/2

[Event "Konnerud Tempo høstturnering 2022"]
[Site "Malmveien 15"]
[Date "2022.08.17"]
[Round "11"]
[White "Heibo, Amalie Linnea"]
[Black "Høisveen, Tore"]
[Result "1-0"]
[WhiteElo "1285"]
[BlackElo "1441"]
[PlyCount "27"]
[EventDate "2022.??.??"]

1. d4 d5 2. c4 c6 3. Nc3 Nf6 4. Nf3 e6 5. Bg5 Nbd7 6. e3 Bb4 7. Qb3 Qa5 8. Bxf6
Nxf6 9. Bd3 Be7 10. O-O O-O 11. a3 h6 12. Rac1 Nh7 13. Qc2 Bd7 14. Bxh7+
1-0

[Event "Konnerud Tempo høstturnering 2022"]
[Site "Malmveien 15"]
[Date "2022.08.17"]
[Round "11"]
[White "Selmer, Thorgrim Juhani"]
[Black "Berg, Gunnstein"]
[Result "1-0"]
[WhiteElo "1535"]
[BlackElo "1606"]
[PlyCount "75"]
[EventDate "2022.??.??"]

1. c4 b6 2. d4 Bb7 3. Nc3 e6 4. Bf4 Bb4 5. e3 Nf6 6. a3 Bxc3+ 7. bxc3 O-O 8.
Nf3 d5 9. Rb1 dxc4 10. Bxc4 Nd5 11. Bxd5 Bxd5 12. Qe2 Nd7 13. e4 Bb7 14. O-O c5
15. Rfd1 Qc8 16. Qe3 Re8 17. Ne5 c4 18. Rb4 Nxe5 19. Bxe5 f6 20. Bd6 Qc6 21.
Bg3 a5 22. Rb2 Qa4 23. Rdb1 Ra6 24. f3 Qc6 25. d5 exd5 26. Rxb6 Rxb6 27. Rxb6
Qd7 28. Qd4 Ba8 29. h3 h6 30. Rd6 Qa4 31. Ra6 Kh7 32. exd5 Qb5 33. Ra7 Qxd5 34.
Qxd5 Bxd5 35. Rxa5 Bg8 36. Kf2 Rd8 37. Ke3 Rb8 38. Bxb8
1-0